[Event "Prague Holiday M31"]
[Site "Prague"]
[Date "2013.08.01"]
[Round "7"]
[White "Ljuboschiz, Alexander"]
[Black "Chladny, Roman"]
[Result "0-1"]
[WhiteElo "2167"]
[BlackElo "2088"]
[PlyCount "69"]
[EventDate "2013.07.28"]
[EventType "tourn"]
[EventRounds "9"]
[EventCountry "CZE"]
[SourceTitle "EXT 2023"]
[Source "ChessBase"]
[SourceDate "2022.10.05"]
[SourceVersion "1"]
[SourceVersionDate "2022.10.05"]
[SourceQuality "1"]

1. e4 c5 2. Nf3 e6 3. Nc3 Nc6 4. d4 cxd4 5. Nxd4 Nf6 6. Ndb5 Bb4 7. a3 Bxc3+ 8. Nxc3 d5 9. exd5 exd5 10. Bg5 0-0 11. Be2 Re8 12. 0-0 d4 13. Nb1 Bf5 14. Nd2 Bxc2 15. Qxc2 Rxe2 16. Qd3 Re6 17. Rfe1 Qd5 18. Rxe6 Qxe6 19. Nf3 Re8 20. h3 h6 21. Bh4 Qe4 22. Qb5 Qd5 23. Qxb7 Rb8 24. Qc7 g5 25. Rc1 Rb6 26. Bg3 d3 27. b4 Ne4 28. Rd1 d2 29. Qc8+ Kg7 30. Qe8 Qb3 31. Be5+ Nxe5 32. Qxe5+ Rf6 33. Qa1 Qd3 34. Ne5 Qe2 35. Ng4 0-1

[Event "Prague Holiday M31"]
[Site "Prague"]
[Date "2013.07.30"]
[Round "4"]
[White "Chladny, Roman"]
[Black "Rut, Vojtech"]
[Result "1/2-1/2"]
[WhiteElo "2088"]
[BlackElo "2105"]
[PlyCount "80"]
[EventDate "2013.07.28"]
[EventType "tourn"]
[EventRounds "9"]
[EventCountry "CZE"]
[SourceTitle "EXT 2023"]
[Source "ChessBase"]
[SourceDate "2022.10.05"]
[SourceVersion "1"]
[SourceVersionDate "2022.10.05"]
[SourceQuality "1"]

1. e4 c5 2. Nf3 Nc6 3. d4 cxd4 4. Nxd4 Nf6 5. Nc3 e5 6. Ndb5 d6 7. Bg5 a6 8. Na3 b5 9. Nd5 Be7 10. Bxf6 Bxf6 11. c3 Bg5 12. Nc2 Rb8 13. b4 0-0 14. Bd3 Ne7 15. Nce3 Nxd5 16. Nxd5 Be6 17. 0-0 f5 18. Bc2 f4 19. f3 Kh8 20. a4 Rc8 21. axb5 axb5 22. Qd3 Bxd5 23. exd5 Qb6+ 24. Kh1 g6 25. Ra5 Qc7 26. Qxb5 Qxc3 27. Be4 Rc7 28. Ra6 Qc4 29. Qxc4 Rxc4 30. Rxd6 Rxb4 31. Rd7 Rd8 32. Rc7 Rb6 33. Ra1 Rdb8 34. h4 Bd8 35. Rd7 Bxh4 36. Kh2 R6b7 37. Ra7 Rxa7 38. Rxa7 Rd8 39. Kh3 Bf6 40. Kg4 Kg8 1/2-1/2

[Event "Karvina op"]
[Site "Karvina"]
[Date "2013.06.30"]
[Round "2"]
[White "Chladny, Roman"]
[Black "Kosiorek, Marek"]
[Result "0-1"]
[WhiteElo "2088"]
[BlackElo "2340"]
[PlyCount "74"]
[EventDate "2013.06.29"]
[EventType "swiss"]
[EventRounds "9"]
[EventCountry "CZE"]
[SourceTitle "CBM 155 Extra"]
[Source "ChessBase"]
[SourceDate "2013.08.26"]
[SourceVersion "1"]
[SourceVersionDate "2013.08.26"]
[SourceQuality "1"]

1. e4 c6 2. d4 d5 3. f3 e6 4. Be3 Qb6 5. Qc1 c5 6. c3 Nc6 7. dxc5 Bxc5 8. Bxc5 Qxc5 9. Nd2 Nf6 10. Qc2 Qe3+ 11. Ne2 Ne5 12. 0-0-0 Nd3+ 13. Kb1 Nf2 14. Nd4 0-0 15. Bb5 Nxh1 16. Rxh1 e5 17. Nf5 Bxf5 18. exf5 e4 19. fxe4 dxe4 20. a3 Qc5 21. Ba4 Qxf5 22. Rf1 Qe5 23. Nc4 Qc5 24. Bb3 Rae8 25. Qe2 e3 26. g4 Qb5 27. Ka2 Nd7 28. Rf3 g6 29. h4 Ne5 30. Rf4 Nxc4 31. Bxc4 Qe5 32. Rd4 Rd8 33. Qd1 Rxd4 34. cxd4 Qf4 35. Be2 Rd8 36. d5 Qe4 37. Bf3 Rxd5 0-1

[Event "Karvina op"]
[Site "Karvina"]
[Date "2013.06.29"]
[Round "1"]
[White "Ochmyt, Jakub"]
[Black "Chladny, Roman"]
[Result "0-1"]
[WhiteElo "1522"]
[BlackElo "2088"]
[PlyCount "52"]
[EventDate "2013.06.29"]
[EventType "swiss"]
[EventRounds "9"]
[EventCountry "CZE"]
[SourceTitle "CBM 155 Extra"]
[Source "ChessBase"]
[SourceDate "2013.08.26"]
[SourceVersion "1"]
[SourceVersionDate "2013.08.26"]
[SourceQuality "1"]

1. d4 Nf6 2. Nf3 g6 3. c4 Bg7 4. Nc3 0-0 5. e4 d6 6. Be3 e5 7. d5 a5 8. Be2 Na6 9. 0-0 h6 10. Qd2 Kh7 11. h3 Ne8 12. Nh2 Nc5 13. Bxc5 dxc5 14. f4 Nd6 15. Qe3 b6 16. Rab1 f5 17. Bd3 exf4 18. Rxf4 Bd4 19. Qxd4 cxd4 20. e5 dxc3 21. exd6 Qxd6 22. Rf2 cxb2 23. Rfxb2 Re8 24. Nf3 Bd7 25. Kh1 Re3 26. Bf1 Rae8 0-1

[Event "SVK-chT2C 0607"]
[Site "Slovakia"]
[Date "2006.12.17"]
[Round "6.1"]
[White "Chladny, Roman"]
[Black "Madar, Martin"]
[Result "1-0"]
[WhiteElo "2109"]
[BlackElo "2055"]
[PlyCount "83"]
[EventDate "2006.10.14"]
[EventType "team-tourn"]
[EventRounds "11"]
[EventCountry "SVK"]
[SourceTitle "EXT 2008"]
[Source "ChessBase"]
[SourceDate "2007.11.25"]
[SourceVersion "1"]
[SourceVersionDate "2007.11.25"]
[SourceQuality "1"]
[WhiteTeam "Martin MSK"]
[BlackTeam "Liptov SK Vychod"]
[WhiteTeamCountry "SVK"]
[BlackTeamCountry "SVK"]

1. e4 d6 2. d4 Nd7 3. Nc3 Ngf6 4. f4 Nb6 5. Nf3 g6 6. Bd3 Bg7 7. 0-0 0-0 8. h3 Nfd7 9. Be3 e5 10. dxe5 dxe5 11. f5 Qe7 12. Qe2 Nc5 13. g4 Nxd3 14. Qxd3 Rd8 15. Qe2 Bd7 16. Kh2 Bc6 17. a3 Qe8 18. b4 Na4 19. Nxa4 Bxa4 20. c4 a6 21. fxg6 hxg6 22. Rab1 b5 23. c5 Qc6 24. Ng5 Rd7 25. Qa2 Rf8 26. Rb2 Bf6 27. Rbf2 Bxg5 28. Bxg5 Qxe4 29. Bh6 Rfd8 30. Rxf7 Qc4 31. Qxc4 bxc4 32. Rxd7 Rxd7 33. Rc1 Bb3 34. Kg3 Rd3+ 35. Kh4 e4 36. Re1 c3 37. Rxe4 c2 38. Re7 c6 39. Rg7+ Kh8 40. Rxg6 Bd5 41. Bc1 Bg2 42. Bb2+ 1-0

[Event "Ostrava CEZ op"]
[Site "Ostrava"]
[Date "2006.05.06"]
[Round "8"]
[White "Gil, Karel"]
[Black "Chladny, Roman"]
[Result "1/2-1/2"]
[WhiteElo "2041"]
[BlackElo "2122"]
[PlyCount "80"]
[EventDate "2006.04.29"]
[EventType "swiss"]
[EventRounds "9"]
[EventCountry "CZE"]
[SourceTitle "EXT 2008"]
[Source "ChessBase"]
[SourceDate "2007.11.25"]
[SourceVersion "1"]
[SourceVersionDate "2007.11.25"]
[SourceQuality "1"]

1. c4 Nf6 2. Nc3 g6 3. e4 d6 4. d4 Bg7 5. Nf3 0-0 6. Be2 e5 7. d5 a5 8. Bg5 h6 9. Bh4 Na6 10. Nd2 Qe8 11. 0-0 Nh7 12. a3 Bd7 13. b4 axb4 14. axb4 Nxb4 15. Qb3 Na6 16. Qxb7 Qc8 17. Qxc8 Rfxc8 18. Nb3 Rcb8 19. Rfb1 f5 20. f3 Nf6 21. c5 Nxc5 22. Rxa8 Rxa8 23. Nxc5 dxc5 24. Rb7 Ra1+ 25. Bf1 Rc1 26. Bxf6 Bxf6 27. Ne2 Rd1 28. Rxc7 Bb5 29. Kf2 Bg5 30. Rxc5 Rb1 31. d6 Bd2 32. exf5 gxf5 33. Kg3 Rb4 34. h3 Kf7 35. Rxe5 Bxe2 36. Re7+ Kf6 37. Bxe2 Bf4+ 38. Kf2 Bxd6 39. Rd7 Bc5+ 40. Kg3 Ke6 1/2-1/2

[Event "Ostrava CEZ op"]
[Site "Ostrava"]
[Date "2006.05.05"]
[Round "7"]
[White "Chladny, Roman"]
[Black "Rojicek, Vojtech"]
[Result "0-1"]
[WhiteElo "2122"]
[BlackElo "2237"]
[PlyCount "86"]
[EventDate "2006.04.29"]
[EventType "swiss"]
[EventRounds "9"]
[EventCountry "CZE"]
[SourceTitle "EXT 2008"]
[Source "ChessBase"]
[SourceDate "2007.11.25"]
[SourceVersion "1"]
[SourceVersionDate "2007.11.25"]
[SourceQuality "1"]

1. e4 c5 2. Nf3 d6 3. d4 cxd4 4. Nxd4 Nf6 5. Nc3 a6 6. Bc4 e6 7. Bb3 Nbd7 8. 0-0 Nc5 9. f4 Be7 10. Qf3 0-0 11. Be3 Qc7 12. g4 b5 13. g5 Nfxe4 14. Nxe4 Bb7 15. Nxe6 Nxe6 16. Rad1 Nc5 17. Bd5 Bxd5 18. Rxd5 Rfe8 19. Ng3 Bf8 20. Rf2 Qb7 21. Bxc5 dxc5 22. Rfd2 c4 23. Kg2 Qb6 24. Rd7 Rad8 25. Rxd8 Rxd8 26. Rxd8 Qxd8 27. Qe4 Qa5 28. Nf5 Qd8 29. h4 g6 30. Nh6+ Bxh6 31. gxh6 Qf8 32. Kg3 Qxh6 33. Qa8+ Qf8 34. Qxa6 Qb4 35. Qf6 Qe1+ 36. Kg4 h5+ 37. Kg5 Qe8 38. Qd4 Qc8 39. Qf6 Qf8 40. f5 Qc5 41. Kh6 Qe3+ 42. Qg5 Qd4 43. fxg6 Qh8# 0-1

[Event "Ostrava CEZ op"]
[Site "Ostrava"]
[Date "2006.04.29"]
[Round "1"]
[White "Chladny, Roman"]
[Black "Vagner, Ladislav"]
[Result "1-0"]
[WhiteElo "2122"]
[BlackElo "1937"]
[PlyCount "121"]
[EventDate "2006.04.29"]
[EventType "swiss"]
[EventRounds "9"]
[EventCountry "CZE"]
[SourceTitle "EXT 2008"]
[Source "ChessBase"]
[SourceDate "2007.11.25"]
[SourceVersion "1"]
[SourceVersionDate "2007.11.25"]
[SourceQuality "1"]

1. e4 g6 2. d4 Bg7 3. Nc3 d6 4. f4 c6 5. Be3 Nf6 6. Nf3 Qa5 7. Bd3 0-0 8. h3 b5 9. Qd2 Qc7 10. e5 Ne8 11. g4 Bb7 12. Ne4 Nd7 13. h4 c5 14. c3 c4 15. Bc2 Rd8 16. h5 dxe5 17. hxg6 fxg6 18. Qh2 Nef6 19. fxe5 Bxe4 20. Bxe4 Nxe4 21. Qxh7+ Kf7 22. e6+ Kxe6 23. Qxg6+ Kd5 24. Rh5+ e5 25. 0-0-0 Ndf6 26. Rxe5+ Kc6 27. Rxe4 Kb7 28. Re6 Nd5 29. Qe4 Kb8 30. Rh1 Qg3 31. Nh4 Nxe3 32. Qxe3 Qxg4 33. Rg6 Bh6 34. Qxh6 Qe2 35. Qd2 Rf1+ 36. Rxf1 Qxf1+ 37. Kc2 Re8 38. Qh2+ Kc8 39. Rc6+ Kb7 40. Rc7+ Ka8 41. Rxa7+ Kxa7 42. Qc7+ Ka6 43. Qc6+ Ka7 44. Qxe8 Qd3+ 45. Kc1 Qf1+ 46. Kd2 Qf2+ 47. Kd1 Qxb2 48. Ng6 Qa1+ 49. Ke2 Qxa2+ 50. Kf3 Qb1 51. Qe7+ Kb8 52. Ne5 Qh1+ 53. Kf4 Qf1+ 54. Ke4 Qg2+ 55. Kf5 Qh3+ 56. Kf6 Qxc3 57. Ke6 Qh3+ 58. Kd6 Qa3+ 59. Kd7 Qh3+ 60. Kc6 Qg2+ 61. Kb6 1-0

[Event "Ostrava SME op"]
[Site "Ostrava"]
[Date "2005.05.07"]
[Round "8"]
[White "Chladny, Roman"]
[Black "Hradecky, Ivo"]
[Result "1-0"]
[WhiteElo "2086"]
[BlackElo "2056"]
[PlyCount "103"]
[EventDate "2005.04.30"]
[EventType "swiss"]
[EventRounds "9"]
[EventCountry "CZE"]
[SourceTitle "CBM 106 Extra"]
[Source "ChessBase"]
[SourceDate "2005.07.01"]
[SourceVersion "1"]
[SourceVersionDate "2005.07.01"]
[SourceQuality "1"]

1. e4 c5 2. Nf3 e6 3. b3 d5 4. Bb5+ Bd7 5. Bxd7+ Qxd7 6. exd5 exd5 7. 0-0 Nc6 8. Re1+ Nge7 9. Ba3 b6 10. d4 cxd4 11. Nxd4 0-0-0 12. Bxe7 Nxe7 13. Nd2 Ng6 14. N2f3 Bc5 15. a4 Kb7 16. Qd2 Qg4 17. h3 Qf4 18. Qxf4 Nxf4 19. g3 Nh5 20. c3 Rhe8 21. b4 Bxd4 22. Nxd4 a6 23. Nf5 Kc7 24. Rad1 g6 25. Rxe8 Rxe8 26. Ne3 Nf6 27. Kg2 Kc6 28. c4 dxc4 29. Nxc4 Re6 30. f4 Ne4 31. Ne5+ Kc7 32. Rd7+ Kc8 33. Rxf7 h6 34. Rh7 g5 35. Kf3 Nc3 36. a5 Nd5 37. Nc4 gxf4 38. gxf4 bxa5 39. bxa5 Rf6 40. Ke4 Nxf4 41. Nb6+ Kd8 42. Nd7 Nh5 43. Ke5 Rg6 44. Nf8 Rg5+ 45. Kd6 Kc8 46. Kc6 Rg3 47. Rxh6 Rxh3 48. Rh8 Rc3+ 49. Kb6 Rb3+ 50. Kxa6 Ng3 51. Ne6+ Kd7 52. Nc5+ 1-0

[Event "Ostrava SME op"]
[Site "Ostrava"]
[Date "2005.05.05"]
[Round "6"]
[White "Chladny, Roman"]
[Black "Novacek, Pavel1111"]
[Result "0-1"]
[WhiteElo "2086"]
[BlackElo "2048"]
[PlyCount "112"]
[EventDate "2005.04.30"]
[EventType "swiss"]
[EventRounds "9"]
[EventCountry "CZE"]
[SourceTitle "CBM 106 Extra"]
[Source "ChessBase"]
[SourceDate "2005.07.01"]
[SourceVersion "1"]
[SourceVersionDate "2005.07.01"]
[SourceQuality "1"]

1. e4 c5 2. Nf3 e6 3. b3 d6 4. Bb2 Nc6 5. d4 cxd4 6. Nxd4 Nf6 7. Nxc6 bxc6 8. e5 Ne4 9. exd6 Qa5+ 10. c3 Qe5 11. Qe2 Bxd6 12. g3 Bb7 13. Bg2 Nc5 14. Qxe5 Bxe5 15. 0-0 0-0-0 16. Ba3 Nd3 17. Rd1 Rd7 18. Nd2 Bxc3 19. Rab1 Nxf2 20. Kxf2 Rxd2+ 21. Rxd2 Bxd2 22. Bc5 Kc7 23. a4 a5 24. Rd1 Rd8 25. Ke2 Ba6+ 26. Kf3 Rd3+ 27. Ke2 Rd5+ 28. Kf3 Rxc5 29. Rxd2 Rc3+ 30. Kf4 Rxb3 31. Rc2 Rb4+ 32. Ke5 Rc4 33. Rf2 Rc5+ 34. Kd4 Rf5 35. Rxf5 exf5 36. Kc5 Bb7 37. h4 h6 38. Bf3 g5 39. hxg5 hxg5 40. Bg2 f4 41. gxf4 gxf4 42. Be4 f6 43. Bf3 Ba6 44. Bd1 Bc8 45. Bf3 Bd7 46. Bg2 Bg4 47. Kd4 Be2 48. Be4 Kd6 49. Bc2 c5+ 50. Ke4 f3 51. Ke3 c4 52. Kd2 Kc5 53. Ke3 Kb4 54. Kd2 c3+ 55. Ke3 Ka3 56. Kf2 Kb2 0-1

[Event "Ostrava SME op"]
[Site "Ostrava"]
[Date "2005.05.01"]
[Round "2"]
[White "Chladny, Roman"]
[Black "Kozak, Milos"]
[Result "0-1"]
[WhiteElo "2086"]
[BlackElo "2257"]
[PlyCount "126"]
[EventDate "2005.04.30"]
[EventType "swiss"]
[EventRounds "9"]
[EventCountry "CZE"]
[SourceTitle "CBM 106 Extra"]
[Source "ChessBase"]
[SourceDate "2005.07.01"]
[SourceVersion "1"]
[SourceVersionDate "2005.07.01"]
[SourceQuality "1"]

1. e4 e5 2. Nf3 Nc6 3. Bb5 a6 4. Bxc6 dxc6 5. 0-0 Bg4 6. h3 h5 7. d3 Qf6 8. Be3 Bxf3 9. Qxf3 Qxf3 10. gxf3 Bd6 11. Nc3 Ne7 12. Ne2 Ng6 13. Kh1 f6 14. Rg1 Kf7 15. Rg3 Nf4 16. Bxf4 exf4 17. Rg2 h4 18. Rg4 g5 19. d4 Rhg8 20. Rag1 Rad8 21. e5 Be7 22. Nxf4 f5 23. R4g2 Rxd4 24. Nd3 c5 25. b3 b5 26. Re1 Ke6 27. Rgg1 Rgd8 28. Re2 c4 29. bxc4 bxc4 30. Nb2 R8d5 31. Rge1 Ra5 32. c3 Rf4 33. Kg2 Rxa2 34. Nd3 cxd3 35. Rxa2 Rc4 36. Rxa6+ c6 37. Ra8 Rxc3 38. Rh8 d2 39. Rd1 Rc2 40. Kf1 Kxe5 41. Re8 Kf6 42. Ke2 Bb4 43. Rd8 Ke5 44. Rb1 c5 45. Kd1 Ra2 46. Rd7 Kf4 47. Ke2 Rc2 48. Rd5 Rc1 49. Rxb4+ cxb4 50. Kxd2 Rc3 51. Rd4+ Kxf3 52. Rxb4 Ra3 53. Rb5 Kf4 54. Rb4+ Ke5 55. Rb5+ Kf6 56. Rb6+ Kg7 57. f4 g4 58. Rb7+ Kg6 59. Rb6+ Kh5 60. Rf6 gxh3 61. Rxf5+ Kg4 62. Rb5 h2 63. Rb1 Kg3 0-1

[Event "Ostrava op-A"]
[Site "Ostrava"]
[Date "2003.05.10"]
[Round "9"]
[White "Kantorik, Marian"]
[Black "Chladny, Roman"]
[Result "1-0"]
[WhiteElo "2290"]
[BlackElo "2174"]
[PlyCount "57"]
[EventDate "2003.05.03"]
[EventType "swiss"]
[EventRounds "10"]
[EventCountry "CZE"]
[SourceTitle "EXT 2006"]
[Source "ChessBase"]
[SourceDate "2005.11.24"]
[SourceVersion "1"]
[SourceVersionDate "2005.11.24"]
[SourceQuality "1"]

1. d4 Nf6 2. c4 g6 3. Nc3 Bg7 4. e4 d6 5. f4 0-0 6. Nf3 c5 7. d5 e6 8. Be2 exd5 9. cxd5 Bg4 10. 0-0 Bxf3 11. Bxf3 Nbd7 12. Re1 Qb8 13. a4 b6 14. e5 dxe5 15. d6 Re8 16. Bxa8 Qxa8 17. fxe5 Nxe5 18. Bf4 Ned7 19. Qd2 Ne4 20. Nxe4 Rxe4 21. Rxe4 Qxe4 22. Re1 Qxa4 23. Re8+ Nf8 24. Rd8 Bd4+ 25. Kf1 Qa1+ 26. Ke2 Bxb2 27. d7 Bf6 28. Rxf8+ Kxf8 29. Bh6+ 1-0

[Event "Ostrava op-A"]
[Site "Ostrava"]
[Date "2003.05.05"]
[Round "4"]
[White "Chladny, Roman"]
[Black "Pavlicek, Miroslav"]
[Result "1/2-1/2"]
[WhiteElo "2174"]
[BlackElo "1939"]
[PlyCount "70"]
[EventDate "2003.05.03"]
[EventType "swiss"]
[EventRounds "10"]
[EventCountry "CZE"]
[SourceTitle "EXT 2006"]
[Source "ChessBase"]
[SourceDate "2005.11.24"]
[SourceVersion "1"]
[SourceVersionDate "2005.11.24"]
[SourceQuality "1"]

1. e4 Nf6 2. e5 Nd5 3. c4 Nb6 4. d4 d6 5. exd6 exd6 6. Nc3 Nc6 7. Be3 Be7 8. Qf3 0-0 9. 0-0-0 Nd7 10. Bd3 Nf6 11. h3 Qd7 12. g4 Nb4 13. Bb1 Qc6 14. Qxc6 Nxc6 15. Nge2 a6 16. Nf4 Rb8 17. g5 Ne8 18. Rdg1 b5 19. cxb5 axb5 20. h4 Na5 21. h5 Nc4 22. Nfd5 Bd8 23. g6 fxg6 24. hxg6 h6 25. Bxh6 gxh6 26. Rxh6 Bf5 27. g7 Nxg7 28. Bxf5 Rxf5 29. Rhg6 Rf7 30. Nf4 Rxf4 31. Rxg7+ Kf8 32. Rg8+ Kf7 33. R1g7+ Ke6 34. Re8+ Kf5 35. Rgg8 Rxd4 1/2-1/2

[Event "SVK-chT1E 0203"]
[Site "Slovakia"]
[Date "2002.??.??"]
[Round "?"]
[White "Frink, Ferenc"]
[Black "Chladny, Roman"]
[Result "1-0"]
[WhiteElo "2240"]
[BlackElo "2168"]
[PlyCount "57"]
[EventDate "2002.10.??"]
[EventType "team"]
[EventRounds "11"]
[EventCountry "SVK"]
[SourceTitle "EXT 2005"]
[Source "ChessBase"]
[SourceDate "2004.11.15"]
[SourceVersion "1"]
[SourceVersionDate "2004.11.15"]
[SourceQuality "1"]

1. e4 c5 2. b4 cxb4 3. a3 bxa3 4. Bxa3 d6 5. d4 g6 6. c3 Bg7 7. Bd3 Nf6 8. Ne2 0-0 9. 0-0 Nc6 10. Nd2 h5 11. h3 Bh6 12. f4 Kg7 13. Nf3 Rh8 14. Qc2 e5 15. fxe5 dxe5 16. d5 Bxh3 17. gxh3 Qc8 18. Kg2 Ng4 19. hxg4 Be3 20. Nh2 hxg4 21. Rh1 Qd8 22. Nxg4 Qg5 23. Kf3 f5 24. exf5 gxf5 25. Bxf5 e4+ 26. Qxe4 Rae8 27. Be6 Ref8+ 28. Bxf8+ Rxf8+ 29. Kg3 1-0

[Event "SVK-chT2E 0102"]
[Site "Slovakia"]
[Date "2001.??.??"]
[Round "1"]
[White "Bartek, Ladislav"]
[Black "Chladny, Roman"]
[Result "0-1"]
[WhiteElo "2182"]
[BlackElo "2117"]
[PlyCount "106"]
[EventDate "2001.10.??"]
[EventType "team"]
[EventRounds "11"]
[EventCountry "SVK"]
[SourceTitle "EXT 2006"]
[Source "ChessBase"]
[SourceDate "2005.11.24"]
[SourceVersion "1"]
[SourceVersionDate "2005.11.24"]
[SourceQuality "1"]

1. e4 c5 2. Nf3 e6 3. d4 cxd4 4. Nxd4 Nf6 5. Nc3 Nc6 6. Ndb5 Bb4 7. a3 Bxc3+ 8. Nxc3 d5 9. exd5 exd5 10. Bd3 0-0 11. 0-0 d4 12. Ne4 Bf5 13. Bg5 Bxe4 14. Bxe4 h6 15. Bxf6 Qxf6 16. Qf3 Qxf3 17. Bxf3 Ne5 18. Be4 Rac8 19. Rfd1 Rfd8 20. f4 Nc4 21. b3 Ne3 22. Rd2 f5 23. Bd3 g6 24. Re1 Kf7 25. Kf2 Kf6 26. g3 Rc3 27. Ree2 g5 28. fxg5+ hxg5 29. Re1 Rdc8 30. Ree2 a6 31. a4 g4 32. Kg1 R8c6 33. Kf2 Kg5 34. Rxe3 dxe3+ 35. Kxe3 Rh6 36. Rf2 Rf6 37. Kd4 Rc8 38. b4 f4 39. gxf4+ Rxf4+ 40. Rxf4 Kxf4 41. Be4 Rd8+ 42. Bd5 b6 43. c4 Rh8 44. c5 bxc5+ 45. bxc5 Rxh2 46. c6 g3 47. c7 Rc2 48. Bc4 g2 49. c8Q g1Q+ 50. Kd5 Qg5+ 51. Kd6 Qe5+ 52. Kd7 Qf5+ 53. Be6 Qxe6+ 0-1

[Event "SVK-chT2E 0102"]
[Site "Slovakia"]
[Date "2001.??.??"]
[Round "3"]
[White "Chladny, Roman"]
[Black "Molnar, Peter"]
[Result "1/2-1/2"]
[WhiteElo "2117"]
[BlackElo "2166"]
[PlyCount "51"]
[EventDate "2001.10.??"]
[EventType "team"]
[EventRounds "11"]
[EventCountry "SVK"]
[SourceTitle "EXT 2006"]
[Source "ChessBase"]
[SourceDate "2005.11.24"]
[SourceVersion "1"]
[SourceVersionDate "2005.11.24"]
[SourceQuality "1"]

1. e4 c5 2. Nf3 e6 3. b3 a6 4. Bb2 Nc6 5. g3 d6 6. d4 cxd4 7. Nxd4 Bd7 8. Bg2 Nf6 9. 0-0 Rc8 10. c4 Be7 11. Nc3 0-0 12. Nc2 Qc7 13. Qe2 Rb8 14. Rac1 Ne5 15. Ne3 Rfe8 16. Rfd1 Bc8 17. Ba3 b6 18. Rd2 Bb7 19. Rcd1 Red8 20. f4 Ng6 21. e5 dxe5 22. Bxe7 Rxd2 23. Qxd2 Qxe7 24. Bxb7 Qxb7 25. f5 Nf8 26. Qd6 1/2-1/2

[Event "SVK-chT2E 0102"]
[Site "Slovakia"]
[Date "2001.??.??"]
[Round "6"]
[White "Chladny, Roman"]
[Black "Prielozny, Stanislav"]
[Result "1-0"]
[WhiteElo "2117"]
[BlackElo "2213"]
[PlyCount "93"]
[EventDate "2001.10.??"]
[EventType "team"]
[EventRounds "11"]
[EventCountry "SVK"]
[SourceTitle "EXT 2006"]
[Source "ChessBase"]
[SourceDate "2005.11.24"]
[SourceVersion "1"]
[SourceVersionDate "2005.11.24"]
[SourceQuality "1"]

1. e4 c6 2. d4 d5 3. f3 dxe4 4. fxe4 e5 5. Nf3 Be6 6. c3 Nf6 7. Nxe5 Nxe4 8. Bd3 Qh4+ 9. g3 Nxg3 10. Nf3 Qh3 11. Rg1 Nh5 12. Bf1 Qf5 13. Rg5 Qe4+ 14. Kf2 Nf6 15. Bd3 h6 16. Bxe4 Nxe4+ 17. Kg1 Nxg5 18. Bxg5 hxg5 19. Nxg5 Rh6 20. Nxe6 Rxe6 21. Nd2 Nd7 22. Qf1 0-0-0 23. Re1 Rf6 24. Qd3 Bd6 25. Re2 Rh8 26. Rg2 Rfh6 27. Nf3 g6 28. h4 Rh5 29. Rg5 R5h7 30. b4 Be7 31. b5 Bxg5 32. hxg5 Rh1+ 33. Kg2 Ra1 34. Qc4 Nb6 35. Qxf7 Nd5 36. Qe6+ Kd8 37. Qd6+ Kc8 38. bxc6 Rxa2+ 39. Kg3 bxc6 40. Qxc6+ Nc7 41. Qxg6 Ra1 42. d5 Rf8 43. d6 Rf1 44. Ne5 Rg1+ 45. Kh2 Rff1 46. d7+ Kb7 47. Qc6+ 1-0

[Event "SVK-chT"]
[Site "Slovakia"]
[Date "1994.??.??"]
[Round "?"]
[White "Chladny, Roman"]
[Black "Havlicek, Libor1111"]
[Result "1/2-1/2"]
[WhiteElo "2020"]
[BlackElo "2125"]
[PlyCount "119"]
[EventDate "1994.??.??"]
[EventType "team"]
[EventRounds "13"]
[EventCountry "SVK"]
[SourceTitle "TD"]
[Source "ChessBase"]
[SourceDate "1994.03.01"]
[SourceVersion "1"]
[SourceVersionDate "1994.03.01"]
[SourceQuality "1"]

1. e4 c5 2. Nf3 d6 3. d4 cxd4 4. Nxd4 Nf6 5. Nc3 a6 6. h3 e6 7. g4 Nc6 8. g5 Nd7 9. Be3 Nxd4 10. Qxd4 Ne5 11. Be2 Bd7 12. f4 Nc6 13. Qb6 Qxb6 14. Bxb6 h6 15. gxh6 Rxh6 16. h4 Rc8 17. 0-0-0 Nb8 18. h5 Bc6 19. Rhg1 Nd7 20. Be3 Nf6 21. e5 Nxh5 22. f5 Rh8 23. Rg5 exf5 24. Rxh5 Rxh5 25. Bxh5 g6 26. Be2 dxe5 27. Nd5 f4 28. Bb6 Bh6 29. Kb1 Bg5 30. c4 e4 31. Rg1 Bd8 32. Bxd8 Bxd5 33. Bg5 Bxc4 34. Bxc4 Rxc4 35. Bxf4 Ke7 36. b3 Rc6 37. Kb2 Ke6 38. Be3 Ke5 39. Rg5+ f5 40. Rg1 f4 41. Rg5+ Kf6 42. Bxf4 Re6 43. Be3 Rc6 44. Rd5 Ke6 45. Rg5 Kf6 46. a4 Rd6 47. Rc5 Rd3 48. Rc3 Rd7 49. Rc5 Rd3 50. Bg5+ Ke6 51. Bf4 Rf3 52. Bg5 Kd6 53. Rc3 Rf2+ 54. Rc2 Rf3 55. Rc3 Rf2+ 56. Kc1 Rf5 57. Rg3 b5 58. axb5 Rxb5 59. Bd2 Ke7 60. Rxg6 1/2-1/2

[Event "SVK-chT"]
[Site "Slovakia"]
[Date "1994.??.??"]
[Round "?"]
[White "Sorsak, Jozef Sr"]
[Black "Chladny, Roman"]
[Result "1-0"]
[WhiteElo "2110"]
[BlackElo "2020"]
[PlyCount "115"]
[EventDate "1994.??.??"]
[EventType "team"]
[EventRounds "13"]
[EventCountry "SVK"]
[SourceTitle "TD"]
[Source "ChessBase"]
[SourceDate "1994.03.01"]
[SourceVersion "1"]
[SourceVersionDate "1994.03.01"]
[SourceQuality "1"]

1. e4 c5 2. Nf3 e6 3. d4 cxd4 4. Nxd4 Nf6 5. Nc3 Nc6 6. Ndb5 Bb4 7. Nd6+ Ke7 8. Bf4 e5 9. Nf5+ Kf8 10. Bd2 d5 11. Ng3 d4 12. Nb1 Be6 13. Bxb4+ Nxb4 14. a3 Nc6 15. Nd2 h5 16. h4 g6 17. Nf3 Qb6 18. Qc1 Rc8 19. Ng5 Na5 20. Nxe6+ fxe6 21. Bd3 Kg7 22. Rb1 Ng4 23. Qg5 Kf7 24. 0-0 Qd8 25. Qxd8 Rhxd8 26. Rfe1 Nc4 27. Nf1 Ke7 28. Nh2 Nh6 29. Nf3 Nf7 30. Re2 Ncd6 31. Nd2 a6 32. Rf1 Rd7 33. Rc1 Nd8 34. Rf1 b5 35. f4 Nc6 36. f5 exf5 37. exf5 gxf5 38. Bxf5 Nxf5 39. Rxf5 Rh8 40. Nf3 Ke6 41. Nxe5 Kxf5 42. Nxd7 Rd8 43. Nc5 a5 44. Re6 Ne5 45. Rb6 Nc4 46. Rxb5 Kg4 47. Ne6 Rg8 48. Nxd4 Rg6 49. b3 Nxa3 50. Rxa5 Nb1 51. Nf3 Rd6 52. c4 Nc3 53. c5 Rd1+ 54. Kh2 Rd5 55. b4 Ne4 56. c6 Rd1 57. c7 Rc1 58. Rc5 1-0